| 000 | 00551nam a2200181Ia 4500 | ||
|---|---|---|---|
| 999 |
_c14241 _d14241 |
||
| 003 | OSt | ||
| 005 | 20201016130934.0 | ||
| 008 | 190216s9999||||xx |||||||||||||| ||und|| | ||
| 020 | _a9788171814695 | ||
| 040 | _coclc | ||
| 082 |
_a500 _bGHA/G |
||
| 100 |
_aGhai, Shuchita _95811 |
||
| 245 | 0 |
_aGreat Scientific Discoveries / _cShuchita Ghai , Kasturi Basu , Preeti Mahanta |
|
| 260 |
_bLearners Press Private Limited , _aNew Delhi: _c2001. |
||
| 300 | _a132p | ||
| 650 | _aScience | ||
| 942 |
_cBK _2ddc _h500 _iGHA/G _k500 _mGHA/G |
||